Complete the Card - WWE WrestleMania 33 - Statistics

General Stats
  • This quiz has been taken 1,999 times
  • The average score is 32 of 39
Answer Stats
Answer % Correct
Brock Lesnar
97%
John Cena
96%
Roman Reigns
96%
Seth Rollins
94%
The Miz
94%
Randy Orton
93%
The Undertaker
93%
Charlotte Flair
92%
Nikki Bella
92%
Sheamus
91%
Triple H
91%
Bray Wyatt
90%
Cesaro
90%
Maryse
90%
Goldberg
89%
Jeff Hardy
89%
Matt Hardy
89%
Sasha Banks
89%
Bayley
87%
Becky Lynch
87%
Dean Ambrose
84%
Kevin Owens
83%
AJ Styles
82%
Naomi
81%
Chris Jericho
79%
Nia Jax
79%
Alexa Bliss
78%
Big Cass
74%
Enzo Amore
74%
Shane McMahon
72%
Baron Corbin
70%
Karl Anderson
67%
Luke Gallows
67%
Neville
67%
Carmella
66%
Natalya
65%
Mojo Rawley
60%
Austin Aries
47%
Mickie James
36%
No matching quizzes found
Score Distribution
Percent of People with Each Score
Percentile by Number Answered
Your Score History
You have not taken this quiz